| 000 | 00682nam a2200229 u 4500 | ||
|---|---|---|---|
| 005 | 20240928063756.0 | ||
| 008 | 160907s2014 es r 000 0 spa d | ||
| 020 | _a9788490212806 | ||
| 035 | _aUPN01000212942 | ||
| 049 | _aCG | ||
| 050 | 4 |
_aHF5351 _bO7.3 |
|
| 245 | 0 | 0 |
_aOrganización y planificación de tareas / _ccoord. Paloma Ramos Ramos. |
| 260 |
_aMálaga, Esp. : _bICB, _cc2014. |
||
| 300 | _a127, [18] p. | ||
| 500 | _aincluye solucionario | ||
| 650 | 4 |
_aEmpresas _xAdministración _9229 |
|
| 650 | 4 |
_aPRODUCCION - _xADMINISTRACION _913583 |
|
| 650 | 2 |
_aRecursos humanos _99244 |
|
| 700 | 1 |
_aRamos Ramos, Paloma, _ecoord. _939642 |
|
| 905 | _aLibro | ||
| 999 |
_c185042 _d185042 |
||